000 00697nam a22002057a 4500
999 _c11080
_d11080
003 AR-CdUCM
008 190402b ||||| |||| 00| 0 spa d
020 _a84-372-1342-8
040 _aMUNICIPALIDAD PROVINCIAL DEL CUSCO
_cBIBLIOTECA MUNICIPAL DEL CUSCO
082 _aEP / 372.42 /
_bG25
100 _aSanchez Garcia, J.L.
_928219
245 _aLos derechos del niño :
_bLos niños que no eran como niños /
260 _aMadrid :
_bAltea,
_c1978.
300 _a32 paginas ;
_bIlustraciones,
_c31 cm.
505 _aContenido :Declaración de los derechos del niño- Principio 2 /
650 _aDerechos
_96548
650 _aEducación primaria
_91561
942 _2ddc
_cLIBROS
945 _arjall